书目信息 |
| 题名: |
初二代数辅导与练习
|
|
| 作者: | ;北京市海淀区教师进修学校 主编 | |
| 分册: | ||
| 出版信息: | 重庆 重庆出版社 1983 |
|
| 页数: | 207页 | |
| 开本: | 19cm | |
| 丛书名: | 中学理科学习指导丛书 | |
| 单 册: | ||
| 中图分类: | G634.62 , G633.6 | |
| 科图分类: | ||
| 主题词: | 代数--初中--教学参考资料 , 教育--各级 | |
| 电子资源: | ||
| ISBN: | ||
| 000 | 00851nam2 2200289 45 | |
| 001 | 0183009546 | |
| 005 | 20040430091005.9 | |
| 010 | @dCNY0.48 | |
| 091 | @a7114.121 | |
| 100 | @a19950523d1983 demy0chiy0121 ea | |
| 101 | 0 | @achi |
| 102 | @aCN@b510000 | |
| 105 | @ay q 000yy | |
| 106 | @ar | |
| 200 | 10 | @a初二代数辅导与练习@Achu er dai shu fu dao yu lian xi@f北京市海淀区教师进修学校主编 |
| 210 | @a重庆@c重庆出版社@d1983 | |
| 215 | @a207页@d19cm | |
| 225 | 2 | @a中学理科学习指导丛书 |
| 410 | 0 | @120010@a中学理科学习指导丛书 |
| 606 | @a代数@x初中@x教学参考资料 | |
| 606 | 0 | @a教育@x各级 |
| 690 | @aG634.62@v3 | |
| 690 | @aG633.6 | |
| 711 | 02 | @a北京市海淀区教师进修学校@Abei jing shi hai dian qu jiao shi jin xiu xue xiao@4主编 |
| 801 | 0 | @aCN@b上海图书馆@c20040430 |
| 801 | 2 | @aCN@bNLC@c20040430 |
| 905 | @f1@b94079@dG633.6@e54 | |
| 初二代数辅导与练习/北京市海淀区教师进修学校主编.-重庆:重庆出版社,1983 |
| 207页;19cm.-(中学理科学习指导丛书) |
| ISBN :CNY0.48 |
| ● |
| 相关链接 |
|
|
|
|
正题名:初二代数辅导与练习
索取号:G633.6/54
 
预约/预借
| 序号 | 登录号 | 条形码 | 馆藏地/架位号 | 状态 | 备注 |
| 1 | 0094079 | 000249412 | 第一样本阅览室/ [索取号:G633.6/54] | 在馆 |